000 00467nam a2200217Ia 4500
001 110236
003 YMCAF
005 20230512162414.0
008 100717s2004 ||||||||||||||||| ||und|d
024 _a110236
035 _aWB1223
040 _aYMCAF
_beng
_cIN-KoLT
041 _aeng
082 _a621.381
_bKIS
100 _aKissel, Thomas E
245 0 _aIndustrial electronics
250 _a3rd
260 _bPHI
_c2004
300 _a904
942 _2ddc
_cBK
999 _c11792
_d11792